• 首页
  • 本馆介绍
  • 公告通知
  • 最新文献
  • 馆藏检索
  • 电子资源
  • 读者导购
  • 参考咨询
  • 我的图书馆
  • 登录
  • 详细信息显示
  • 放入我的书架
  • 预约/预借图书
  • 作者相关作品
  • 分类相关作品
  • 丛书相关作品
  • 出版社相关作品

书目信息

  • 表格格式
  • 工作单格式
  • 卡片格式
题名:
实用急诊手册
    
 
作者: 方铭 , 胡敏 主编
分册:  
出版信息: 北京   化学工业出版社  2019
页数: 422页
开本: 19cm
丛书名:
单 册:
中图分类: R459.7-62 , R459.7
科图分类:
主题词: 急诊--ji zhen--手册
电子资源:
ISBN: 978-7-122-33398-8
000 00890nam0 2200265 450
001 1952090489
005 20190413121720.8
010    @a978-7-122-33398-8@dCNY 49.00
099    @aCAL 012019046504
100    @a20190413d2019 em y0chiy50 ea
101 0  @achi
102    @aCN@b110000
105    @aak a 000yy
200 1  @a实用急诊手册@Ashi yong ji zhen shou ce@f方铭, 胡敏主编
210    @a北京@c化学工业出版社@d2019
215    @a422页@c图@d19cm
320    @a有书目 (第422页)
330    @a本书共九章,包括常见急诊症状的诊断与治疗、危重患者的抢救、内科常见急症、普通外科常见急症、产科常见急症、儿科常见急症、传染科常见急症、耳鼻喉科及眼科常见急症、常用急救技术操作等。
606 0  @a急诊@Aji zhen@j手册
690    @aR459.7-62@v5
690    @aR459.7@v4
701  0 @a方铭@Afang ming@4主编
701  0 @a胡敏@Ahu min@4主编
801  0 @aCN@bHST@c20190413
905    @aBZT@dR459.7@e51
    
    实用急诊手册/方铭, 胡敏主编.-北京:化学工业出版社,2019
    422页:图;19cm
    
    
    ISBN 978-7-122-33398-8:CNY 49.00
    本书共九章,包括常见急诊症状的诊断与治疗、危重患者的抢救、内科常见急症、普通外科常见急症、产科常见急症、儿科常见急症、传染科常见急症、耳鼻喉科及眼科常见急症、常用急救技术操作等。
●
相关链接 在五车中查询图书 在当当中查询图书 在豆瓣中查询图书


正题名:实用急诊手册     索取号:R459.7/51         预约/预借

序号 登录号 条形码 馆藏地/架位号 状态 备注
1 868774   2000868774   第二书库/ [索取号:R459.7/51] 在馆    
2 868775   2000868775   第二书库/ [索取号:R459.7/51] 在馆    
3 868776   2000868776   第二书库/ [索取号:R459.7/51] 在馆    
山东省滨州职业学院图书馆 欢迎您!
大连网信软件有限公司© 版权所有